Loading...
| Fine Arts - Auditory Fine Arts | 4 | 20.00 | 50% | 50% | 100% |
| Fine Arts - Other Fine Arts | 4 | 15.00 | 50% | 50% | 50% |
| Fine Arts - Visual Fine Arts | 2 | 15.00 | 50% | 50% | 50% |
| Geography - Geography | 2 | 20.00 | 50% | 50% | 100% |
| History - American History | 3 | 16.67 | 67% | 33% | 67% |
| History - European History | 4 | 17.50 | 75% | 50% | 50% |
| History - Other History | 5 | 10.00 | 0% | 80% | 20% |
| History - World History | 5 | 16.00 | 60% | 40% | 60% |
| Literature - American Literature | 3 | 13.33 | 67% | 67% | 0% |
| Literature - British Literature | 4 | 7.50 | 50% | 25% | 0% |
| Literature - European Literature | 3 | 13.33 | 33% | 67% | 33% |
| Literature - World Literature | 2 | 15.00 | 50% | 50% | 50% |
| Mythology - Mythology | 2 | 15.00 | 50% | 50% | 50% |
| Philosophy - Philosophy | 3 | 16.67 | 33% | 33% | 100% |
| Religion - Religion | 2 | 10.00 | 50% | 0% | 50% |
| Science - Biology | 4 | 10.00 | 0% | 0% | 100% |
| Science - Chemistry | 4 | 10.00 | 50% | 25% | 25% |
| Science - Other Science | 2 | 15.00 | 0% | 50% | 100% |
| Science - Physics | 3 | 23.33 | 67% | 100% | 67% |
| Social Science - Social Science | 2 | 15.00 | 100% | 50% | 0% |
| Trash - Trash | 1 | 10.00 | 0% | 0% | 100% |